000
00355 a2200169 4500
001
164886
020
_a
85-03-00551-4
040
_c
Magnum
100
_a
Jaf, Ivan
240
1
0
_a
Atrás do paraíso
_l
por
245
1
0
_a
Atrás do paraíso
300
_a
172
362
0
_a
1999
440
1
_a
José Olympio
697
_a
LITERATURA JUVENIL
942
_c
BK
999
_c
164886
_d
164886